| 000 | 00921nam a22002777a 4500 | ||
|---|---|---|---|
| 005 | 20240530110409.0 | ||
| 008 | 150209s2010 ua g 000 0 ara d | ||
| 017 |
_a2010/13086 _bمصر . دار الكتب المصرية |
||
| 020 | _a9771807382 | ||
| 040 | _aEG-CaGPL | ||
| 041 | 0 | _aara | |
| 082 | 0 | 4 |
_221 _a183.5\ _bإ ف |
| 100 | 0 | _aاسماعيل مظهر | |
| 245 | 1 | 0 |
_aفلسفة اللذة و الالم / _cتاليف اسماعيل مظهر ؛ تصدير حسن طلب |
| 250 | _aط2 | ||
| 260 |
_aالقاهرة : _bمكتبة النهضة المصرية ، _c2010 |
||
| 300 |
_a258 ص ؛ _c24 سم |
||
| 650 | 0 | 4 | _aاللذة |
| 650 | 0 | 4 | _aالانفعالات النفسية |
| 650 | 0 | 4 | _aمبدأ اللذة |
| 650 | 0 | 4 |
_aاللذة _xفلسفة |
| 650 | 0 | 4 |
_aالالم _xفلسفة |
| 700 | 0 |
_aحسن طلب _eتصدير |
|
| 942 |
_2ddc _cBK |
||
| 999 |
_c60415 _d60415 |
||